[Event "Brest op"]
[Site "Brest"]
[Date "2009.04.11"]
[Round "1"]
[White "Lefeuvre, Thierry"]
[Black "Desbois, Antoine"]
[Result "0-1"]
[WhiteElo "1590"]
[BlackElo "1956"]
[PlyCount "58"]
[EventDate "2009.04.11"]
[EventType "swiss"]
[EventRounds "7"]
[EventCountry "FRA"]
[SourceTitle "EXT 2011"]
[Source "ChessBase"]
[SourceDate "2010.11.26"]
[SourceVersion "1"]
[SourceVersionDate "2010.11.26"]
[SourceQuality "1"]

1. d4 Nf6 2. c4 g6 3. Nc3 Bg7 4. e3 d6 5. Nf3 0-0 6. Bd2 Bf5 7. Qb3 Nc6 8. Na4 Rb8 9. Nh4 Bd7 10. Qc2 e5 11. d5 Ne7 12. e4 Nxe4 13. Qxe4 Bxa4 14. Be3 f5 15. Qf3 e4 16. Qe2 Nxd5 17. cxd5 Qxh4 18. g3 Qf6 19. Bxa7 Ra8 20. Be3 Bb3 21. Qd2 Qxb2 22. Qxb2 Bxb2 23. Rb1 Bc3+ 24. Bd2 Bxd2+ 25. Kxd2 Rxa2+ 26. Ke3 Bxd5 27. Rb5 Ra3+ 28. Kd4 Be6 29. Rxb7 c5# 0-1